Bumpy rides, turning tides and my French Romeo / (Record no. 47691)
| 000 -LEADER | |
|---|---|
| fixed length control field | 00395nam a2200133 4500 |
| 020 ## - INTERNATIONAL STANDARD BOOK NUMBER | |
| International Standard Book Number | 9781847151278 |
| 100 ## - MAIN ENTRY--PERSONAL NAME | |
| Relator code | Elwes, Liz. |
| 245 ## - TITLE STATEMENT | |
| Title | Bumpy rides, turning tides and my French Romeo / |
| Statement of responsibility, etc | Liz Elwes. |
| 260 ## - PUBLICATION, DISTRIBUTION, ETC. (IMPRINT) | |
| Place of publication, distribution, etc | UK: |
| Name of publisher, distributor, etc | Stripes; |
| Date of publication, distribution, etc | 2010. |
| 300 ## - PHYSICAL DESCRIPTION | |
| Extent | 192 p. |
| 650 ## - SUBJECT ADDED ENTRY--TOPICAL TERM | |
| Topical term or geographic name as entry element | French vacation. Stables. |
| Form subdivision | Fiction. |
| Geographic subdivision | France. |
| 9 (RLIN) | 85538 |
| 655 ## - INDEX TERM--GENRE/FORM | |
| Genre/form data or focus term | Realistic Fiction. |
| 9 (RLIN) | 82928 |
| 942 ## - ADDED ENTRY ELEMENTS (KOHA) | |
| Source of classification or shelving scheme | |
| Koha item type | YA FIC BOOKS |
| Withdrawn status | Lost status | Source of classification or shelving scheme | Damaged status | Not for loan | Collection code | Home library | Current library | Date acquired | Full call number | Barcode | Date last seen | Price effective from | Koha item type |
|---|---|---|---|---|---|---|---|---|---|---|---|---|---|
| SECONDARY | Asian Hope Secondary Library | Asian Hope Secondary Library | 10/31/2024 | YA FIC ELW | 206647 | 01/16/2026 | 10/31/2024 | YA FIC BOOKS |